Finančný prenájom
Vymedzenie finančného prenájmu. Účtovanie finančného prenájmu. Technické zhodnotenie prenajatého majetku. Príklad účtovania finančného prenájmu u nájomcu v rozpočtových, príspevkových organizáciách a obciach.
Na minha lista:
| Autor principal: | |
|---|---|
| Formato: | Capítulo de Livro |
| Idioma: | eslovaco |
| Assuntos: | |
| Tags: |
Sem tags, seja o primeiro a adicionar uma tag!
|
MARC
| LEADER | 00000naa$a2200000$$$4500 | ||
|---|---|---|---|
| 001 | 0059645 | ||
| 005 | 20240502071648.0 | ||
| 041 | 0 | |a slo | |
| 044 | |a SK | ||
| 245 | 1 | 0 | |a Finančný prenájom |c Marianna Kicová |
| 520 | |a Vymedzenie finančného prenájmu. Účtovanie finančného prenájmu. Technické zhodnotenie prenajatého majetku. Príklad účtovania finančného prenájmu u nájomcu v rozpočtových, príspevkových organizáciách a obciach. | ||
| 610 | 2 | 0 | |a prenájom |
| 610 | 2 | 0 | |a majetok dlhodobý |
| 610 | 2 | 0 | |a obstarávanie |
| 610 | 2 | 0 | |a nájomcovia |
| 610 | 2 | 0 | |a účtovanie |
| 610 | 2 | 0 | |a organizácie príspevkové |
| 610 | 2 | 0 | |a organizácie rozpočtové |
| 100 | 1 | |a Kicová, Marianna | |